| 000 | 00000nam##2200000za#4500 |
| 001 | 9.557685 |
| 003 | CaOODSP |
| 005 | 20210624172019 |
| 007 | cr ||||||||||| |
| 008 | 150406|1994||||xxc|||||o f|0| 0 eng|d |
| 040 | |aCaOODSP|beng |
| 043 | |an-cn--- |
| 086 | 1 |aNH18-22/94-200E-PDF |
| 110 | 2 |aCanada Mortgage and Housing Corporation. |
| 245 | 10|aISO 9000 and the residential construction industry |h[electronic resource] |
| 260 | |aOttawa - Ontario : |bCanada Mortgage and Housing Corporation |
| 300 | |a3p. |
| 490 | 1 |aResearch and development highlights; technical series |v94-200 |
| 590 | |a09-06-Supp|b2009-07-27 |
| 775 | 08|tLes normes ISO 9000 et l'industrie de la construction résidentielle / |w(CaOODSP)9.607636 |
| 830 | #0|aResearch and development highlights; technical series ;|v94-200|w(CaOODSP)9.504481 |
| 856 | 40|ahttp://publications.gc.ca|qPDF|s36 KB|uhttps://publications.gc.ca/collections/Collection/NH18-22-94-200E.pdf|y94-200 |